|
|
|
|
| LEADER |
00000nam2a2200000 4500 |
| 001 |
290248 |
| 005 |
20231102000251.0 |
| 020 |
|
|
|a RU
|b 83-87201
|
| 035 |
|
|
|a (RuTPU)RU\TPU\book\314796
|
| 090 |
|
|
|a 290248
|
| 100 |
|
|
|a 20150404d1983 k y0rusy5003 ca
|
| 101 |
0 |
|
|a rus
|
| 102 |
|
|
|a LV
|
| 105 |
|
|
|a a z 101zy
|
| 200 |
0 |
|
|a Т. 2
|
| 210 |
|
|
|d 1983
|
| 215 |
|
|
|a 318 с.
|c ил.
|
| 320 |
|
|
|a Библиогр. в конце ст.
|
| 461 |
|
1 |
|0 (RuTPU)RU\TPU\book\290291
|t Методы и микроэлектронные средства цифрового преобразования и обработки сигналов
|o тезисы докладов конференции
|o в 2 т.
|f Академия наук СССР (АН СССР), Научный совет по проблемам электрических измерений и измерительных информационных систем ; Академия наук Латвийской ССР (АН ЛатССР), Институт электроники и вычислительной техники (ИЭиВТ) ; Академия наук Латвийской ССР (АН ЛатССР), Совет по автоматизации научных исследований и проблемам кибернетики при президиуме АН ЛатССР
|v Т. 2
|d 1983
|
| 606 |
1 |
|
|a Информация
|x Обработка на вычислительных машинах
|2 stltpush
|3 (RuTPU)RU\TPU\subj\12980
|9 39671
|
| 610 |
1 |
|
|a вычислительная техника
|
| 610 |
1 |
|
|a микроэлектронные средства
|
| 610 |
1 |
|
|a цифровая обработка
|
| 610 |
1 |
|
|a цифровые сигналы
|
| 610 |
1 |
|
|a алгоритмы
|
| 610 |
1 |
|
|a речевые сигналы
|
| 610 |
1 |
|
|a изображения
|
| 610 |
1 |
|
|a цифровые процессоры
|
| 610 |
1 |
|
|a конференции
|
| 675 |
|
|
|a 681.3.01(063)
|v 3
|
| 801 |
|
0 |
|a RU
|b RuMRKP
|c 19950704
|g psbo
|
| 801 |
|
1 |
|a RU
|b 63413507
|c 20150404
|
| 801 |
|
2 |
|a RU
|b 63413507
|c 20170711
|g RCR
|
| 942 |
|
|
|c BK
|